1330 1243 1905 1245 1385 1961 1127 1755 1063 1065 1218 1593 1523 1465 1114 1832 1383 1330 1207 1507 1858 1543 1435 1165 1189 1924 1167 1582 1037 1941 1347 1597 1848 1017 1502 1647 1993 1345 1489 1926 1742 1086 1364 1600 1715 1553 1312 1792 1076 1216 1333 1940 1053 1753 1795 1221 1526 1446 1976 1291 1586 1752 1995 1059 1352 1650 1138 1010 1874 1735 1441 1204 1263 1857 1696 1929 1994 1180 1223 1059 1514 1260 1298 1844 1033 1840 1535 1441 1694 1036 1447 1672 1645 1428 1090 1444 1196 1256 1975 BCNSPRNW ULIB Ver.6.0+V

เปลี่ยนเป็นภาษาไทย

Change to English
 แสดงรายละเอียดบรรณานุกรม
  กลับหน้าหลัก

Brief Record : Get Marc (ISO 2709) : E-mail record : QR code < ปิดหน้าต่าง
LEADER : 00000nam 2200000uu 4500
001    13399113424
003     ULIB
008    110627s2550||||th 000 0 tha d
020    9789749753323
090    นว.^bณ369ป 2550
100 0  ณัฐสิรี
245 00 ปาฏิหาริย์พรหมลิขิตรัก/^cณัฐสิรี
250    พิมพ์ครั้งที่ 1
260    กรุงเทพฯ :^bSugar rian,^c2550
300    237 หน้า
710 1  Sugar rian
945    ^p159^l0^i021021
995    ทศพร
999 ^a ใช้งานได้ทุกระบบ
รายการนี้ยังไม่มีแท็ก
คุณยังไม่ได้ล็อกอิน คุณสามารถมีกิจกรรมร่วมกับเว็บไซต์ได้ แต่ต้องล็อกอินก่อน ::
  ล็อกอิน

รายการสื่อสารสนเทศ

ลำดับที่ ประเภท เลขเรียก/บาร์โค้ด สถานที่ สถานะ
1. นวนิยาย
นวนิยาย
นว. ณ369ป 2550 ฉ.1 
  Barcode: 021021
ห้องสมุดวิทยาเขตสวรรค์ประชารักษ์
►นวนิยาย
บนชั้น
  ขอยืม

BibComment


ยังไม่เคยถูกคอมเมนท์

คอมเมนท์ทรัพยากรรายการนี้
  คอมเมนท์: ปาฏิหาริย์พรหมลิข..


 Copyright 2026. Bcnsprnw @Library